Prízrak predbežného opatrenia
Transpetrol bol zatiahnutý do sporu ministerstva financií s malou súkromnou firmou, ktorá bráni dokončiť jeho privatizáciu. Exekvované akcie Transpetrolu. Snahy Transpetrolu vyrovnať sa s dlhodobým poklesom množstva prepravovanej ropy. Hlavný odberatelia ropy. Spoločnosti, ktoré majú záujem o kúpu 4...
Gespeichert in:
| 1. Verfasser: | |
|---|---|
| Format: | Buchkapitel |
| Sprache: | Slowakisch |
| Schlagworte: | |
| Tags: |
Keine Tags, Fügen Sie das erste Tag hinzu!
|
MARC
| LEADER | 00000naa a2200000 4500 | ||
|---|---|---|---|
| 001 | r043384 | ||
| 005 | 20230920073541.1 | ||
| 041 | 0 | |a slo | |
| 044 | |a SK | ||
| 245 | 1 | 0 | |a Prízrak predbežného opatrenia |c Vladimír Duduc |
| 520 | |a Transpetrol bol zatiahnutý do sporu ministerstva financií s malou súkromnou firmou, ktorá bráni dokončiť jeho privatizáciu. Exekvované akcie Transpetrolu. Snahy Transpetrolu vyrovnať sa s dlhodobým poklesom množstva prepravovanej ropy. Hlavný odberatelia ropy. Spoločnosti, ktoré majú záujem o kúpu 49 percent akcií Transpetrolu. | ||
| 610 | 2 | 0 | |a ropa |
| 610 | 2 | 0 | |a privatizácia |
| 610 | 2 | 0 | |a ropovody |
| 610 | 2 | 0 | |a investori |
| 610 | 2 | 0 | |a exekúcia |
| 610 | 2 | 0 | |a exekútori |
| 610 | 2 | 0 | |a akcie |
| 610 | 2 | 0 | |a Slovensko |
| 610 | 2 | 0 | |a Transpetrol, a.s. Bratislava |
| 100 | 1 | |a Duduc, Vladimír | |